Beastie Boys: Albums by Cover - Statistics

General Stats
  • This quiz has been taken 19 times
  • The average score is 5 of 8
Answer Stats
Picture Hint Answer % Correct
1989 Paul's Boutique
100%
1998 Hello Nasty
83%
1992 Check Your Head
72%
1994 Ill Communication
72%
1986 Licensed to Ill
61%
2004 To the 5 Boroughs
50%
2011 Hot Sauce Committee Part Two
33%
2007 The Mix-Up
33%
No matching quizzes found
Score Distribution
Percent of People with Each Score
Percentile by Number Answered
Your Score History
You have not taken this quiz